[Event "RLP-ch MTB 24th"]
[Site "Kaiserslautern"]
[Date "2005.??.??"]
[Round "1"]
[White "Eltschkner, Christian"]
[Black "Busch, Andreas"]
[Result "0-1"]
[WhiteElo "1615"]
[BlackElo "2025"]
[PlyCount "76"]
[EventDate "2005.??.??"]
[EventType "swiss"]
[EventRounds "7"]
[EventCountry "GER"]
[SourceTitle "EXT 2009"]
[Source "ChessBase"]
[SourceDate "2008.11.26"]
[SourceVersion "1"]
[SourceVersionDate "2008.11.26"]
[SourceQuality "1"]

1. c4 Nf6 2. g3 e6 3. Bg2 d5 4. cxd5 exd5 5. d3 Bc5 6. Nc3 c6 7. Nf3 0-0 8. 0-0 Re8 9. Qc2 Qe7 10. Bg5 Nbd7 11. e4 h6 12. Bxf6 Nxf6 13. e5 Nh7 14. Na4 Bb6 15. Nxb6 axb6 16. Qb3 Ra6 17. Rfe1 Bg4 18. d4 b5 19. a3 Ra4 20. Qd3 Rea8 21. Rac1 Nf8 22. Nd2 g6 23. Rc3 Ne6 24. b4 h5 25. h3 Bf5 26. Qe3 Kg7 27. Kh2 g5 28. f4 g4 29. h4 Qd8 30. Bf1 Qb6 31. Bd3 Rxa3 32. Bxf5 Rxc3 33. Qxc3 Qxd4 34. Qd3 Qf2+ 35. Kh1 Qxe1+ 36. Nf1 Ra1 37. Kg1 Nd4 38. Bc8 Ne2+ 0-1

[Event "St Ingbert op"]
[Site "St Ingbert"]
[Date "1988.??.??"]
[Round "8"]
[White "Busch, Andreas"]
[Black "Neurohr, Stephan"]
[Result "1/2-1/2"]
[WhiteElo "1872"]
[BlackElo "2305"]
[PlyCount "81"]
[EventDate "1988.08.20"]
[EventType "swiss"]
[EventRounds "9"]
[EventCountry "GER"]
[SourceTitle "EXT 2002"]
[Source "ChessBase"]
[SourceDate "2001.11.25"]
[SourceVersion "1"]
[SourceVersionDate "2001.11.25"]
[SourceQuality "1"]

1. e4 c5 2. Nf3 d6 3. d4 cxd4 4. Nxd4 Nf6 5. Nc3 a6 6. Bg5 e6 7. f4 Be7 8. Qf3 Qc7 9. Bd3 Nbd7 10. Nb3 b5 11. 0-0-0 Bb7 12. Rhe1 b4 13. Ne2 Nc5 14. Ng3 0-0-0 15. Nxc5 Qxc5 16. f5 e5 17. Be3 Qa5 18. Kb1 d5 19. Bc1 Rd7 20. Qe2 Rhd8 21. exd5 Nxd5 22. Bc4 f6 23. Ne4 Kb8 24. g3 Qb6 25. h4 Nc3+ 26. Nxc3 bxc3 27. Rxd7 Rxd7 28. Bb3 cxb2 29. Bxb2 Bc5 30. Rd1 Qb5 31. Qf1 Bf2 32. a4 Qxf1 33. Rxf1 Bxg3 34. h5 Be4 35. Ba3 Rb7 36. Ka2 Bf4 37. Be6 Kc7 38. Rd1 Bc6 39. Bd6+ Kb6 40. Bc8 Ra7 41. Rb1+ 1/2-1/2

[Event "St Ingbert op"]
[Site "St Ingbert"]
[Date "1988.??.??"]
[Round "7"]
[White "Geyer, Thomas"]
[Black "Busch, Andreas"]
[Result "0-1"]
[WhiteElo "2016"]
[BlackElo "1872"]
[PlyCount "30"]
[EventDate "1988.08.20"]
[EventType "swiss"]
[EventRounds "9"]
[EventCountry "GER"]
[SourceTitle "EXT 2002"]
[Source "ChessBase"]
[SourceDate "2001.11.25"]
[SourceVersion "1"]
[SourceVersionDate "2001.11.25"]
[SourceQuality "1"]

1. e4 e5 2. Nf3 Nc6 3. c3 d5 4. Qa4 dxe4 5. Nxe5 Bd7 6. Nxd7 Qxd7 7. Bb5 Nf6 8. 0-0 Bd6 9. d3 exd3 10. Re1+ Kf8 11. Bg5 Ng4 12. h3 Nxf2 13. Be3 Nxh3+ 14. Kh1 Qf5 15. Bxc6 Qe5 0-1